000 00476nam a2200169 a 4500
005 20140412111337.0
008 031007s19uu xx 00 eng d
020 _a983-172-351-1
050 _aTR(PS E
_bLi72
245 _aLittle lizard loses his tail (The).
260 _aKuala Lumpur, Malaysia :
_bKiddibird Sdn., Bhd,
_c[n.d.]
300 _a16 p. ; ill.
440 _aLittle Tadpole Series
650 _aScience stories
650 _aChildren stories
999 _c105062
_d105062